| 000 | 00744nam a22002295i 4500 | ||
|---|---|---|---|
| 001 | 48735 | ||
| 003 | ES-MaACL | ||
| 005 | 20230906161816.0 | ||
| 007 | t| | ||
| 008 | 950727s1868 gw ||||1| eng d | ||
| 080 | _a821.111-31"18" | ||
| 100 | 1 |
_aDickens, Charles. _944489 |
|
| 245 | 1 | 0 |
_aNo thoroughfare / _cby Charles Dickens and W. Collins . _bTo wich isadded the late Miss Hollingford. |
| 246 | 3 | _aTo wich isadded the late Miss Hollingford | |
| 260 |
_aLeipzig : _bBernhard Tauchnitz, _c1868. |
||
| 300 |
_a315 p. ; _c16 cm. |
||
| 490 | 1 |
_aCollection of British authors ; _v961 |
|
| 700 | 1 |
_aCollins, Wilkie. _939744 |
|
| 830 | 1 |
_aCollection of British authors ; _v961 _9180703 |
|
| 852 | 4 |
_aES-MaACL _jG-12424 |
|
| 999 |
_c48735 _d48735 |
||